000 00715nam a2200253Ia 4500
001 39522566
003 OCoLC
005 20170616114725.0
008 980721s1997 maua 000 0 spa d
020 _a0395785286 (pbk.)
020 _a9780395785287 (pbk.)
040 _aCSJ
_cCSJ
041 1 _aspa
_heng
100 1 _aFackerell, Elizabeth.
240 1 0 _aGoing to the fair.
_lSpanish.
245 1 0 _aA la feria /
_cpor Elizabeth Fackerell; ilustrado por Helen Leach; adaptacin de Juan Guevara.
260 _aBoston :
_bHoughton Mifflin,
_cc1997.
300 _a16 p. :
_bill. ;
_c17 x 21 cm.
440 0 _aSi puedo!
526 _cLV2/18
700 1 _aLeach, Helen.
700 1 _aGuevara, Juan.
942 _cBK
999 _c17656
_d17656